Manchester City Kader 2019/20 - Statistiken

Allgemein
  • Dieses Quiz wurde 336 mal gespielt
  • Das Durchschnittsergebnis liegt bei 16 aus 25
Antwortstatistiken
Position Name % Korrekt
Torwart Ederson
97%
Mittelfeld Kevin de Bruyne
94%
Trainer Pep Guardiola
89%
Sturm Sergio Agüero
87%
Abwehr Kyle Walker
86%
Sturm Raheem Sterling
81%
Mittelfeld Ilkay Gündogan
80%
Abwehr John Stones
80%
Sturm Bernardo Silva
78%
Sturm Gabriel Jesus
77%
Mittelfeld David Silva
76%
Abwehr Joao Cancelo
72%
Sturm Riyad Mahrez
70%
Mittelfeld Phil Foden
68%
Abwehr Aymeric Laporte
67%
Mittelfeld Rodri
62%
Mittelfeld Fernandinho
60%
Abwehr Oleksandr Zinchenko
55%
Sturm Leroy Sane
54%
Abwehr Benjamin Mendy
51%
Torwart Claudio Bravo
38%
Abwehr Nicolas Otamendi
37%
Towart Scott Carson
28%
Abwehr Eric Garcia
17%
Mittelfeld Mix Diskerud
1%
Keine übereinstimmenden Quizze gefunden
Verteilung der Resultate
Anzahl Personen mit jedem Resultat
Perzentil nach korrekt beantworteten Fragen
Ihre Resultats-Entwicklung
Sie haben dieses Quiz noch nicht gespielt